| 000 | 01038nas a2200361 4500 | ||
|---|---|---|---|
| 001 | BR2015003784 | ||
| 003 | BR-BrBNA | ||
| 005 | 20231205125501.0 | ||
| 007 | ta | ||
| 008 | 230509b bl.|||p| |||| 00| 00por d | ||
| 040 |
_aBR-BrBNA _bpor _cBiblioteca Nacional de Agricultura |
||
| 041 | _a(En) | ||
| 072 | _aF30; H20 | ||
| 100 | 1 | _aCaierão, E. | |
| 100 | 1 | _aDel duca, L. de J.A. | |
| 100 | 1 | _aSouxa, C.N.A. de | |
| 100 | 1 | _aSilva, M.S. e | |
| 100 | 1 | _aScheeren, P.L. | |
| 100 | 1 | _aFontaneli, R.S. | |
| 100 | 1 | _aSantos, H.P. dos | |
| 100 | 1 | _aNascimento Junior, A. do | |
| 100 | 1 | _aEichelberger, L. | |
| 100 | 1 | _aLinhares, A.G. | |
| 100 | 1 | _aGuarienti, E.M. | |
| 245 | 1 | _aBRS 277: Wheat cultivar | |
| 650 | _aTRIGO | ||
| 650 | _aVARIEDADE | ||
| 650 | _aMELHORAMENTO VEGETAL | ||
| 650 | _aVARIEDADE RESISTENTE | ||
| 773 | 0 |
_tCrop Breeding and Applied Biotechnology (Brazil) _xISSN 1518-7853 _g(Sept 2009), v. 9(3) p. 282-285 _wBR2015003784 |
|
| 909 |
_a202311 _bLúcia _c55 _dLúcia Elande |
||
| 942 |
_2AGRIS _n0 _cANA |
||
| 999 |
_c244595 _d244595 |
||